| 000 | 00000nam##2200000za#4500 |
| 001 | 9.624834 |
| 003 | CaOODSP |
| 005 | 20241210082331 |
| 007 | ta |
| 008 | 150406|1998||||xxc||||| f|0| 0 fre|d |
| 020 | |a0-662-83118-7 |
| 022 | |a1192-5434 |
| 040 | |aCaOODSP|bfre |
| 043 | |an-cn--- |
| 086 | 1 |aFB3-2/98-13F |
| 110 | 2 |aBanque du Canada. |
| 245 | 13|aLe PIB potentiel des États-Unis et ses déterminants : |bla productivité de la main-d'oeuvre et le taux d'activité / |cpar René Lalonde. |
| 260 | |aOttawa - Ontario : |bBanque du Canada |c1998. |
| 300 | |a33p. : |bgraphiques, tableaux ; |c28 cm. |
| 490 | 1 |aDocument de travail|x1192-5434|v98-13 |
| 500 | |a«Dans cette étude, l'auteur vise principalement trois objectifs. Premièrement, il cherche à savoir si la bonne tenue de l'économie américaine observée ces dernières années est imputable à une poussée du PIB potentiel. Deuxièmement, il tente de déterminer quelles sont les variables reliés à l'offre globale dont la tendance pourrait expliquer l'évolution du potentiel de l'économie. Finalement, l'auteur tente d'observer si, au cours des dernières années, l'économie américaine était, malgré tout, en situation de demande excédentaire.»--Résumé. |
| 504 | |aBibliographie. |
| 520 | 3 |aDans cette étude, l'auteur vise principalement trois objectifs. Premièrement, il cherche à savoir si la bonne tenue de l'économie américaine observée ces dernières années est imputable à une poussée du PIB potentiel. Deuxièmement, il tente de déterminer quelles sont les variables reliés à l'offre globale dont la tendance pourrait expliquer l'évolution du potentiel de l'économie. Finalement, l'auteur tente d'observer si, au cours des dernières années, l'économie américaine était, malgré tout, en situation de demande excédentaire.--Résumé |
| 546 | |aAbstract in English |
| 563 | |aCouverture souple |
| 590 | |a98-37|b1998-09-11 |
| 720 | 1 |aLalonde, René |
| 776 | 0#|tLe PIB potentiel des États-Unis et ses déterminants : |w(CaOODSP)9.602129 |
| 830 | #0|aDocument de travail,|x1192-5434|v98-13|w(CaOODSP)9.513013 |